01018nam a2200241Ii 4500001000400000003000900004008004100013020001500054040003300069041000800102082001900110100004100129245009700170264005800267300001200325336002600337337002800363338002700391940004800418999001700466952014500483952014800628982CO-ViMGA241108s9999||||xx |||||||||||||| ||und|| a9586483339 aCO-ViMGAbspaerdacCO-ViMGA0 aspa04aR 342.023 P25c1 aRogelio Enrique Peña Peña95183210aConstitución política de Colombia :bconcordancia, jurisprudencia, doctrina, comentarios 1a[Lugar de publicación no identificado] : Ecoe, 2002 avolumen atextbtxt2rdacontent aunmediatedbn2rdamedia avolumebnc2rdacarrier aidficha_siabuc: 964. -- ficha_no_siabuc:982 c46591d46591 001040708014aMEVIGERRbMEVIGERRcREFd2004-08-25hVol.1oR 342.023 P25cpECA16224r2024-11-26 09:36:24tEj.1w2024-11-26yBKz964 | 1154 001040708InfPoTiaMEVIGERRbMEVIGERRcGENd2003-11-15hVol.1oR 342.023 P25cpECA02-9r2024-11-26 09:36:24tEj.1w2024-11-26yBKz964 | 1153